000 00872nam a2200205 i 4500
001 152407
003 ES-MaACL
005 20230906204727.0
008 931025s1876 sp a |||| | spa d
040 _aPAB
_bspa
_cPAB
100 1 _aBorja Salamanca, Luis.
_930503
245 1 0 _aDerrotero de las Islas Canarias y Archipiélago de la Madera /
_credactado en la Direccion de Hidrografía con presencia de las publicaciones más recientes [ por Luis Borja Salamanca].
260 _aMadrid :
_bDireccion de Hidrografía,
_c1876 (
_fImprenta de T. Fortanet)
300 _aXI, 103 p., [8] h. pleg. ;
_c24 cm.
594 _aAutor tomado de anotación manuscrita en la portada.
650 4 _aDerroteros-
_zCanarias.
_9147878
650 4 _aDerroteros-
_zMadeira.
_9147879
710 1 _aEspaña.
_bDirección de Hidrografía.
_93694
852 _aES-MaACL
_jG-11306
_z-- Enc. hol.
999 _c152407
_d152407